[Event "BL2-W9697"]
[Site "Germany"]
[Date "1997.??.??"]
[Round "?.2"]
[White "Telljohann, Sven"]
[Black "Levin, Felix"]
[Result "1-0"]
[WhiteElo "2415"]
[BlackElo "2485"]

1.Nf3 d5 2.g3 g6 3.Bg2 Bg7 4.O-O e5 5.d3 Nc6 6.e4 dxe4 7.dxe4 Qxd1 8.Rxd1 Bg4
9.c3 h6 10.Na3 Nge7 11.Nc4 Be6 12.Ne3 Rd8 13.Re1 a5 14.Bf1 O-O 15.a4 f5 16.exf5 gxf5
17.Bc4 Bxc4 18.Nxc4 e4 19.Nh4 Kh7 20.Be3 Rd7 21.Rad1 Rfd8 22.Rxd7 Rxd7 23.f3 exf3
24.Kf2 b6 25.Kxf3 Bf6 26.Ng2 Ng6 27.Bf4 Bg5 28.h4 Bxf4 29.Nxf4 Rg7 30.Nd5 Rf7
31.h5 Nge7 32.Nxc7 f4 33.g4 Nc8 34.Nd5 Kg7 35.Re6 N6e7 36.Nxe7  1-0

[Event "BL2-W9697"]
[Site "Germany"]
[Date "1997.??.??"]
[Round "?.2"]
[White "Sandkamp, Ralph"]
[Black "Winants, Luc"]
[Result "0-1"]
[WhiteElo "2235"]
[BlackElo "2495"]

1.Nf3 d5 2.g3 c6 3.Bg2 Bg4 4.O-O Nd7 5.d4 e6 6.Nbd2 Ngf6 7.Re1 Be7 8.e4 dxe4
9.Nxe4 O-O 10.c3 Qb6 11.h3 Bh5 12.Nxf6+ Bxf6 13.g4 Bg6 14.h4 h5 15.g5 Be7
16.Nd2 Rae8 17.Bf3 c5 18.Nb3 cxd4 19.cxd4 Bb4 20.Bd2 Bxd2 21.Qxd2 e5 22.Qe2 Rc8
23.dxe5 Rfe8 24.Rac1 Rxc1 25.Rxc1 Nxe5 26.Bg2 f6 27.Bd5+ Kh7 28.Qe3 Qxe3
29.fxe3 fxg5 30.hxg5 Nd3 31.Rc7 Rxe3 32.Rxb7 Rg3+ 33.Kh2 Rxg5 34.Bf7 Be4
35.Re7 Rg2+ 36.Kh1 Nf2+  0-1

[Event "BL2-W9697"]
[Site "Germany"]
[Date "1997.??.??"]
[Round "?.1"]
[White "Telljohann, Sven"]
[Black "Nothnagel, Holger"]
[Result "1/2-1/2"]
[WhiteElo "2415"]
[BlackElo "2315"]

1.g3 d5 2.Nf3 Nf6 3.Bg2 c6 4.O-O g6 5.b3 Bg7 6.Bb2 O-O 7.d3 a5 8.a3 Na6 9.Nbd2 Bg4
10.h3 Bxf3 11.Bxf3 Re8 12.Bg2 Ne4 13.Bxg7 Nxd2 14.Qxd2 Kxg7 15.e4 dxe4 16.Qc3+ e5
17.dxe4 Qb6 18.Rfd1 Qc5 19.Qb2 Rad8 20.Bf1 b5 21.c3 Nc7 22.b4 Qe7 23.h4 h5
24.Rd2 g5 25.hxg5 Qxg5 26.Rad1 axb4 27.Rxd8 Rxd8 28.Rxd8 Qxd8 29.cxb4 Qg5
30.Bh3 h4 31.Qc3 hxg3 32.Qxg3 Qxg3+ 33.fxg3 Na6 34.Bc8 Nb8 35.Kf2 Kf6 36.Kf3 Ke7
37.Kg4 Kd8 38.Bf5 Ke7 39.Kg5 Na6 40.Bc8 Nc7 41.Kf5 f6 42.Kg6 Ne8 43.Bb7 Kd7
44.g4 Nd6 45.Kxf6 Nxb7 46.g5 Nd6 47.Kxe5 Ne8 48.g6 Ke7 49.Kd4 Kd6 50.e5+ Kc7
51.Kc3 Kd7 52.Kb3 Ke6 53.a4 Kxe5 54.a5 Kf6 55.a6 Nc7 56.a7 Kxg6 57.Kc3 Kf6
58.Kd4 Ke6 59.Kc5 Kd7 60.Kb6 Kd6 61.Ka5 Na8 62.Ka6 Kc7 63.Ka5 Kb7  1/2-1/2

[Event "BL2-S9697"]
[Site "Germany"]
[Date "1997.??.??"]
[Round "?.8"]
[White "Schulze, Ulrich"]
[Black "Schuh, Hubert"]
[Result "1/2-1/2"]
[WhiteElo "2355"]
[BlackElo "2315"]

1.Nf3 d5 2.g3 Nc6 3.Bg2 e5 4.d3 Nf6 5.O-O Bc5 6.c3 a5 7.Bg5 h6 8.Bxf6 Qxf6
9.Nfd2 Be6 10.c4 dxc4 11.Nxc4 O-O 12.Nc3 Rfd8 13.Bxc6 Bxc4 14.Bxb7 Rab8 15.Ne4 Qb6
16.Nxc5 Qxc5 17.Bg2 Be6 18.Rc1 Qd4 19.b3 a4 20.bxa4 Bxa2 21.a5 Bd5 22.Bxd5 Rxd5
23.Rxc7 Rxa5 24.Qd2 Rab5 25.Rfc1 Qd5 26.Qe3 Rb1 27.h3 Rxc1+ 28.Rxc1 Kh7 29.Kh2 Rb5
30.g4 g5 31.Kg3 Kg7 32.Qf3 Qxf3+ 33.Kxf3 Rb2 34.h4 gxh4 35.Rh1 Kg6 36.Rxh4 Rb4
37.Rh1 f6 38.Rc1 Kg5 39.Rc4 Rb2 40.Rc8 Kg6 41.Rg8+ Kf7 42.Rd8 Ra2 43.e3 Rd2
44.Rd7+ Ke6 45.Rh7 Rxd3 46.Rxh6 Kf7 47.Ke4 Rd2 48.f3 Rf2 49.Rh8 Kg7 50.Ra8 Kg6
51.f4 exf4 52.exf4 Re2+ 53.Kf3 Rb2 54.Rg8+ Kf7 55.Rd8 Rb3+ 56.Ke4 Rb4+ 57.Rd4 f5+
58.gxf5 Rb1 59.Rd7+ Kf6 60.Rd6+ Kf7 61.f6 Rb4+ 62.Kf5 Rb5+ 63.Kg4 Ra5 64.Rb6 Rc5  1/2-1/2

[Event "Oberliga Ost A9798"]
[Site "Germany"]
[Date "1997.??.??"]
[Round "?.4"]
[White "Hanak, Christian"]
[Black "Pohlers, Juergen"]
[Result "1/2-1/2"]
[WhiteElo "2100"]
[BlackElo "2145"]

1.Nf3 d5 2.g3 c5 3.Bg2 Nc6 4.d4 Nf6 5.O-O e6 6.c3 Bd7 7.Nbd2 cxd4 8.cxd4 Be7
9.e3 O-O 10.Ne5 Rc8 11.Ndf3 Nxe5 12.Nxe5 Bb5 13.Re1 Bb4 14.Bd2 Qa5 15.Bxb4 Qxb4
16.a3 Qa4 17.Qxa4 Bxa4 18.Rac1 h6 19.f3 Nd7 20.Nxd7 Bxd7 21.Bf1 Rxc1 22.Rxc1 Rc8
23.Rxc8+ Bxc8 24.Kf2 Kf8 25.Ke1 Ke7 26.Kd2 Kd6 27.Kc3 Bd7 28.Bd3 Bc6 29.b3  1/2-1/2

[Event "Oberliga Nord O9798"]
[Site "Germany"]
[Date "1997.??.??"]
[Round "?"]
[White "Klimm, Wolf Dietrich"]
[Black "Mueller, Michael"]
[Result "0-1"]
[WhiteElo "2220"]
[BlackElo "2330"]

1.Nf3 d5 2.g3 e6 3.Bg2 Nf6 4.d4 Be7 5.O-O O-O 6.c4 dxc4 7.Qc2 a6 8.a4 Bd7
9.Qxc4 Bc6 10.Bg5 Nbd7 11.Nc3 Rc8 12.Qd3 Nd5 13.Bxe7 Qxe7 14.e4 Nb4 15.Qd2 Rfd8
16.Qe2 Nf6 17.Rfd1 Be8 18.Bh3 Rb8 19.Rac1 c5 20.dxc5 Rxd1+ 21.Rxd1 Qxc5 22.Bg2 h6
23.Qd2 Bc6 24.Nd4 Rd8 25.Nxe6 Rxd2 26.Nxc5 Rxb2 27.Nd5 Ng4 28.Ne7+ Kh7 29.Nxc6 bxc6
30.h3 Ne5 31.f4 Nc4 32.e5 Rxg2+  0-1

[Event "Oberliga Ost B9798"]
[Site "Germany"]
[Date "1997.??.??"]
[Round "?.2"]
[White "Staller, Peter"]
[Black "Gasthofer, Viktor"]
[Result "1/2-1/2"]
[WhiteElo "2345"]
[BlackElo "2350"]

1.Nf3 d5 2.g3 Nf6 3.Bg2 e6 4.O-O Be7 5.b3 O-O 6.Bb2 b6 7.c4 c6 8.Qc2 Bb7
9.d3 c5 10.Ne5 Nbd7 11.Nd2 Nxe5 12.Bxe5 Ng4 13.Bb2 Bf6 14.a3 Qe7 15.Rab1 Bxb2
16.Qxb2 Rfd8 17.b4 dxc4 18.Nxc4 Bxg2 19.Kxg2 b5 20.Ne5 Nxe5 21.Qxe5 Rac8
22.Rfc1 cxb4  1/2-1/2

[Event "Oberliga Ost B9798"]
[Site "Germany"]
[Date "1997.??.??"]
[Round "?.2"]
[White "Habibi, Ali"]
[Black "Schlamp, Robert"]
[Result "0-1"]
[WhiteElo "2325"]
[BlackElo "2280"]

1.Nf3 d5 2.g3 c5 3.Bg2 Nc6 4.O-O Nf6 5.d3 g6 6.b3 Bg7 7.Bb2 O-O 8.c4 d4 9.a3 a5
10.Nbd2 Bf5 11.Ne1 Qd7 12.Nc2 Bh3 13.b4 Bxg2 14.Kxg2 axb4 15.axb4 cxb4 16.Nb3 e5
17.f3 Bh6 18.Qe1 Qd6 19.Qf2 Nd7 20.Rfb1 Nc5 21.Nxc5 Qxc5 22.Qe1 Ra6 23.Bc1 Bxc1
24.Qxc1 Rfa8 25.Qb2 Rxa1 26.Nxa1 Ra4 27.Nb3 Qa7 28.Qc1 Ra2 29.Kf2 Kg7 30.f4 e4
31.Qd1 e3+ 32.Kf1 b6 33.Kg1 Qa3 34.Kg2 Qa8 35.Kg1 Qa3 36.Kg2 h5 37.h3 Rb2
38.Rxb2 Qxb2 39.c5 b5 40.Kf3 Qa2 41.g4 Qa8 42.Kg3 g5 43.Qh1 gxf4+ 44.Kh4 Qd8+
45.g5 Ne5 46.c6 f5  0-1

[Event "Oberliga Ost B9798"]
[Site "Germany"]
[Date "1997.??.??"]
[Round "?.1"]
[White "Gutman, Lev"]
[Black "Euler, Gerd"]
[Result "0-1"]
[WhiteElo "2475"]
[BlackElo "2365"]

1.Nf3 d5 2.g3 Bg4 3.Bg2 Nd7 4.O-O c6 5.c3 Ngf6 6.Qb3 Qb6 7.d3 e5 8.Be3 Qc7
9.Qc2 Bd6 10.c4 d4 11.Bc1 O-O 12.e3 c5 13.a3 a5 14.a4 Rae8 15.Na3 Qc8 16.Nb5 Bb8
17.Bd2 b6 18.Rae1 h6 19.Nh4 g5 20.Nf3 Nh7 21.Kh1 f5 22.Ng1 Ndf6 23.exd4 exd4
24.Qc1 Bh5 25.Rxe8 Rxe8 26.h3 Bg6 27.Re1 Nh5 28.Nf3 f4 29.g4 N5f6 30.Rxe8+ Qxe8
31.Qf1 h5 32.Nh2 hxg4 33.hxg4 Kg7 34.Bf3 Nf8 35.Kg1 N8d7 36.Be2 Qe6 37.f3 Ne5
38.Na3 Qg8 39.Nc2 Qh7 40.Ne1 Nfd7 41.b3 Bd6 42.Bc1 Nb8 43.Bd2 Nbc6 44.Kg2 Kf6
45.Kg1 Ne7 46.Bc1 Be8 47.Qf2 Bc6 48.Bd2 N7g6 49.Ng2 Qh3 50.Be1 Kg7 51.Qf1 Qh7
52.Qf2 Nf8 53.Qf1 Nfd7 54.Bd2 Qh3 55.Be1 Qh7 56.Bd2 Nf6 57.Be1 Kg8 58.Bd2 Qh3
59.Ne1 Qh7 60.Ng2 Be8 61.Ne1 Bg6 62.Kg2 Be8 63.Kg1 Bc6 64.Ng2 Qh3 65.Ne1 Qg3+
66.Qg2 Qh4 67.Qf2 Qh3 68.Qf1 Qh6 69.Ng2 Kg7 70.Ne1 Nfd7 71.Ng2 Ng6 72.Qf2 Qh3
73.Ne1 Nde5 74.Ng2 Kf6 75.Be1 Bc7 76.Qf1 Qh8 77.Bd2 Nh4 78.Nxh4 Qxh4 79.Be1 Qh7
80.Bf2 Be8 81.Qd1 Bg6 82.Nf1 Nxd3 83.Bxd3 Bxd3 84.Nd2 Be5 85.b4 Bc2 86.Qa1 axb4
87.a5 bxa5 88.Qxa5 Qc7 89.Qa6+ Kg7 90.Qb5 Bf6 91.Kg2 Qe7 92.Qb6 Qe2 93.Qb7+ Kg6  0-1

[Event "BL2-O9798"]
[Site "Germany"]
[Date "1997.??.??"]
[Round "1.2"]
[White "Siepelt, Heiner"]
[Black "Bus, Mariusz"]
[Result "1-0"]
[WhiteElo "2335"]
[BlackElo "2390"]

1.Nf3 d5 2.g3 Nf6 3.Bg2 c6 4.O-O Bf5 5.b3 e6 6.Bb2 Be7 7.d3 O-O 8.Nbd2 a5
9.a3 Nbd7 10.Qe1 h6 11.e4 Bh7 12.Qe2 Qb6 13.Rab1 Qa6 14.e5 Ne4 15.Rbe1 Nxd2
16.Nxd2 b5 17.f4 c5 18.g4 f5 19.exf6 Bxf6 20.Bxf6 Nxf6 21.g5 Ne8 22.Qxe6+ Qxe6
23.Rxe6 Rd8 24.g6  1-0

[Event "BL2-N9798"]
[Site "Germany"]
[Date "1997.??.??"]
[Round "1.5"]
[White "Cladouras, Panagiotis"]
[Black "Jugelt, Tobias"]
[Result "1/2-1/2"]
[WhiteElo "2390"]
[BlackElo "2370"]

1.Nf3 d5 2.g3 Nf6 3.Bg2 c6 4.O-O Bg4 5.d3 Nbd7 6.Nbd2 e6 7.Qe1 Bd6 8.e4 Qc7
9.d4 dxe4 10.Nxe4 Nxe4 11.Qxe4 Bf5 12.Qe2 Bg4 13.c4 O-O 14.c5 Be7 15.Bf4 Qd8
16.b4 a6 17.a4 Nf6 18.Qd2 Bxf3 19.Bxf3 Qd7 20.Rab1 Rfd8 21.Rfd1 Nd5 22.Be5 Qe8
23.g4 h6 24.Rb3 Bf6 25.Qe2 Bxe5 26.Qxe5 Qe7 27.b5 axb5 28.axb5 Qh4 29.bxc6 bxc6
30.Rdb1 Ra2 31.R3b2 Rxb2 32.Rxb2 Qe7 33.Rb8 Qd7 34.h4 Kf8 35.g5 hxg5 36.hxg5 Rxb8
37.Qxb8+ Ke7 38.Qh8 g6 39.Qe5 Nc3 40.Qf6+ Ke8 41.Qh8+ Ke7 42.Qf6+ Ke8 43.Qh8+ Ke7
44.Qf6+  1/2-1/2

[Event "BL2-N9798"]
[Site "Germany"]
[Date "1997.??.??"]
[Round "1.8"]
[White "Sommerfeld, Armin"]
[Black "Lindner, Daniel"]
[Result "1/2-1/2"]
[WhiteElo "2230"]
[BlackElo "2200"]

1.Nf3 d5 2.g3 Nf6 3.Bg2 Bf5 4.d3 e6 5.Nbd2 Be7 6.b3 O-O 7.Bb2 h6 8.O-O c5
9.Re1 Nc6 10.h3 Rc8 11.e4 dxe4 12.dxe4 Bh7 13.Ne5 Nxe5 14.Bxe5 Nd7 15.Bb2 Qc7
16.a4 Rfd8 17.Qe2 Ne5 18.Rad1 Bf8 19.Bf1 Nc6 20.Qe3 Rd7 21.Nc4 Rcd8 22.Rxd7 Qxd7
23.Ne5 Qc7 24.Nxc6 Qxc6 25.Bd3 Be7 26.Bc3 Bg5 27.Qe2 Qd6 28.Qg4 e5 29.h4 Bf6
30.Bc4 Qd7 31.Qf3 Qh3 32.Bd5 b6 33.Bd2 Bg6 34.Re3 Rd7 35.Rd3 Kh7 36.Bc3 h5
37.Qd1 Qg4 38.Qxg4 hxg4 39.Kf1 Bh5 40.Ke2 Kg8 41.Rd1 Kf8 42.Ra1 a5 43.Kd3 Ke7
44.Kc4 Kd6 45.Rd1 Kc7 46.Rd3 Re7 47.Bd2 Rd7 48.Bc3 Re7 49.Rd1 Rd7 50.Kb5 Bg6
51.Rd2 Bh5 52.Bc6 Rxd2 53.Bxd2 Be7 54.Be3 f6 55.c3 Bf7 56.Bd5 Be8+ 57.Ka6 Bd7
58.Ka7 Bd6 59.Bc4 Be7  1/2-1/2

[Event "BL2-O9798"]
[Site "Germany"]
[Date "1997.??.??"]
[Round "1.8"]
[White "Kestler, Hans Guenther"]
[Black "Rausch, Wolfgang"]
[Result "1/2-1/2"]
[WhiteElo "2350"]
[BlackElo "2200"]

1.Nf3 d5 2.g3 g6 3.Bg2 Bg7 4.O-O e5 5.d3 Ne7 6.e4 c6 7.Re1 d4 8.c3 c5 9.cxd4 cxd4
10.Na3 O-O 11.Nc4 Nec6 12.a4 Na6 13.Bd2 Re8 14.h4 h6 15.Qb1 Bf8 16.b3 Kh7
17.Kh2 Bg4 18.Ng1 Qd7 19.Bh3 Bxh3 20.Nxh3 Bb4 21.Bxb4  1/2-1/2

[Event "BL2-N9798"]
[Site "Germany"]
[Date "1997.??.??"]
[Round "2.2"]
[White "Buhr, Carl Christian"]
[Black "Hegeler, Frank"]
[Result "1/2-1/2"]
[WhiteElo "2340"]
[BlackElo "2330"]

1.Nf3 d5 2.g3 g6 3.Bg2 Bg7 4.O-O e5 5.d3 Nc6 6.c3 a5 7.Qc2 Nge7 8.e4 O-O
9.Re1 h6 10.Nbd2 Be6 11.a4 b6 12.exd5 Bxd5 13.b3 Re8 14.Ba3 Qd7 15.Nc4 Nf5
16.Ncd2 Rad8 17.Rad1 Qc8 18.Bc1 Nd6 19.Nc4 Nf5 20.Bb2 Qa8 21.Ncd2 Qa6 22.Nf1 Qa8
23.N1d2 Qa6 24.Nf1 Qa8 25.N1d2  1/2-1/2

[Event "BL2-N9798"]
[Site "Germany"]
[Date "1997.??.??"]
[Round "2.6"]
[White "Westphal, Matthias"]
[Black "Sprotte, Norbert"]
[Result "1/2-1/2"]
[WhiteElo "2280"]
[BlackElo "2225"]

1.Nf3 d5 2.g3 Nf6 3.Bg2 Bf5 4.O-O e6 5.c4 c6 6.d4 Be7 7.b3 O-O 8.Bb2 a5 9.Nbd2 Ne4
10.Ne5 Nxd2 11.Qxd2 Nd7 12.Nxd7 Qxd7 13.Bc3 a4 14.c5 Qc7 15.b4 a3 16.Rae1 Bf6
17.f3 e5 18.e3 exd4 19.Bxd4 Be5 20.f4 Bxd4 21.exd4 b6 22.Re5 Qd7 23.b5 Be4
24.Bxe4 dxe4  1/2-1/2

[Event "BL2-O9798"]
[Site "Germany"]
[Date "1997.??.??"]
[Round "2.7"]
[White "Kapischka, Jens"]
[Black "Rausch, Wolfgang"]
[Result "1-0"]
[WhiteElo "2315"]
[BlackElo "2200"]

1.Nf3 d5 2.g3 g6 3.Bg2 Bg7 4.O-O e5 5.d3 Ne7 6.Nbd2 O-O 7.e4 dxe4 8.dxe4 c6
9.b3 Qc7 10.Qe2 h6 11.Bb2 Be6 12.a4 Re8 13.Rfd1 Nc8 14.Nc4 f6 15.Nh4 Kh7
16.Bf3 Bf7 17.Bg4 Bf8 18.Qf3 Kg7 19.Rd2 h5 20.Bh3 Bxc4 21.bxc4 Nd6 22.Rad1 Nf7
23.Nxg6 Ng5 24.Qxh5 Nxh3+ 25.Qxh3 Kxg6 26.Qf5+ Kg7 27.Rd7+ Nxd7 28.Rxd7+ Qxd7
29.Qxd7+ Re7 30.Qg4+ Kh8 31.Qh4+ Kg7 32.Bc1 Rd8 33.Be3 b6 34.Kg2 Re6 35.Kf3 c5
36.Kg4 Red6 37.Kf5 Kg8 38.Qg4+ Bg7 39.h4 R8d7 40.Qg6 Kh8 41.Qe8+ Kh7 42.h5 Rd8
43.Qf7 R8d7 44.Qg6+ Kh8 45.Qe8+  1-0

[Event "NRW-Liga II 9697"]
[Site "Germany"]
[Date "1997.??.??"]
[Round "5.6"]
[White "Van der Veen, Heinz"]
[Black "Heisel, Guido"]
[Result "1-0"]
[WhiteElo "2215"]
[BlackElo "2215"]

1.Nf3 d5 2.g3 g6 3.Bg2 Bg7 4.O-O e6 5.d4 Ne7 6.c4 O-O 7.Nc3 b6 8.Bg5 f6 9.Bf4 c6
10.cxd5 exd5 11.Rc1 Be6 12.Qa4 Qd7 13.Rfe1 g5 14.Bd2 g4 15.Nh4 f5 16.Bg5 Re8
17.e3 a5 18.a3 Ra7 19.Red1 Ng6 20.Nxg6 hxg6 21.Rd2 b5 22.Qd1 Kh7 23.Ne2 Bh6
24.Bxh6 Kxh6 25.Nf4 Qd6 26.Rdc2 Rf7 27.Qd2 a4 28.Nd3 Bd7 29.Ne5 Rxe5 30.dxe5 Qxe5
31.e4+ g5 32.exd5 cxd5 33.Qxd5 Qg7 34.Qd6+  1-0

[Event "NRW-Liga I 9697"]
[Site "Germany"]
[Date "1997.??.??"]
[Round "5.1"]
[White "Lauterbach, Ingrid"]
[Black "Forchert, Martin"]
[Result "1-0"]
[WhiteElo "2125"]
[BlackElo "2390"]

1.Nf3 d5 2.g3 Nf6 3.Bg2 c6 4.d3 Bg4 5.Nbd2 Nbd7 6.h3 Bh5 7.O-O e6 8.e4 Be7
9.Qe1 O-O 10.e5 Ne8 11.Nh2 Nc7 12.f4 Bg6 13.Ndf3 c5 14.Qe2 Nb8 15.Kh1 Nc6
16.Be3 Rc8 17.Rfd1 h6 18.Nf1 Qd7 19.Bf2 b6 20.c4 Rfd8 21.d4 dxc4 22.dxc5 Bd3
23.Qe1 bxc5 24.Ne3 Nd5 25.Rac1 Nxe3 26.Qxe3 Nd4 27.Ne1 Nf5 28.Qf3 Nd4 29.Qe3 Ne2
30.Rc2 Qa4 31.b3 Qb4 32.Nxd3 cxd3 33.Rxd3 Nd4 34.Rc4 Qa5 35.Qd2 Qxd2 36.Rxd2 Nf5
37.Rcc2 Nd4 38.Rc1 g5 39.b4 gxf4 40.gxf4 Nc6 41.Rxd8+ Nxd8 42.Bxc5 a5 43.a3 axb4
44.axb4 Rc7 45.Be4 Nb7 46.Rg1+ Kf8 47.Bxe7+ Kxe7 48.b5 Nd8 49.b6 Rc4 50.Bh7 Kd7
51.f5 Kc6 52.fxe6 Nxe6 53.Rb1 Kb7 54.Bd3 Ra4 55.Bf1 Kb8 56.Bg2 Ra6 57.Kh2 Nc5
58.Bd5 Nd7 59.b7 Ra5 60.Bg2 Rxe5 61.Rd1 Re7 62.Ra1 Re2 63.Ra8+ Kc7 64.Rc8+ Kd6
65.Rc6+ Ke7 66.Rxh6 Rb2 67.Rh8 Nf8 68.h4 f6 69.h5 Kf7 70.h6  1-0

[Event "Karsten Kold op"]
[Site "Gistrup"]
[Date "1997.??.??"]
[Round "2"]
[White "Kengis, Edvins"]
[Black "Volzhin, Alexander"]
[Result "1-0"]
[WhiteElo "2590"]
[BlackElo "2495"]

1.Nf3 d5 2.g3 Nf6 3.Bg2 c5 4.O-O Nc6 5.d4 e6 6.c4 dxc4 7.Ne5 Bd7 8.Na3 cxd4
9.Naxc4 Nxe5 10.Nxe5 Qb6 11.Nxd7 Nxd7 12.Qa4 Qb4 13.Qxb4 Bxb4 14.Rd1 Bc5
15.Bxb7 Rb8 16.Bc6 Rb6 17.Ba4 Ke7 18.a3 Rd6 19.Bd2 Ne5 20.Rac1 d3 21.Kf1  1-0

[Event "Karsten Kold op"]
[Site "Gistrup"]
[Date "1997.??.??"]
[Round "8"]
[White "Mikhalevski, Victor"]
[Black "Hartman, Christer"]
[Result "1/2-1/2"]
[WhiteElo "2535"]
[BlackElo "2320"]

1.Nf3 d5 2.g3 Bg4 3.Bg2 Nd7 4.O-O c6 5.d4 e6 6.Nbd2 Ngf6 7.c3 Bd6 8.Re1 O-O
9.e4 e5 10.exd5 cxd5 11.dxe5 Nxe5 12.h3 Nxf3+ 13.Nxf3 Bf5 14.Bg5 Be4 15.Qd4 Be7
16.Nd2 Bxg2 17.Kxg2 h6 18.Bf4 Qd7 19.Re2 Rfc8 20.Qd3 Rc6 21.Rae1 Bf8 22.Nf3 Ra6
23.a3 Rd8 24.Rd1 Re6 25.Rxe6 fxe6 26.Ne5 Qe8 27.Re1 Ne4 28.c4 Nc5 29.Qe2 dxc4
30.Qxc4 b5 31.Qe2 a5 32.Be3 Rd5 33.Bxc5 Bxc5 34.Nf3 Kf7 35.Qe4 Bd6 36.Re3 a4
37.Nd4 Be5 38.Qf3+ Kg8 39.Nc6 Qxc6 40.Rxe5 Qd6 41.Re2 Rd4 42.Re4 Qd5 43.Rxd4 Qxd4
44.b3 Kh7 45.h4 axb3 46.Qxb3 Qe4+ 47.Kf1 Qe5 48.Qd3+ Kg8 49.Kg2 Qc5 50.Qd8+ Kf7
51.Qd3 Ke7 52.Qf3 Qc4 53.h5 Qc5 54.Qg4 Qd5+ 55.f3 Qa2+ 56.Kh3 Qb2 57.Qg6 Qf6
58.Qe4 Qf5+ 59.Kg2 Qxh5 60.a4 bxa4 61.Qxa4 Qe5 62.Qc2 h5 63.Qd3 Qg5 64.Qd4 Kf7
65.Qd7+ Qe7 66.Qd3 g6 67.Qd4 Qc7 68.Kh3 Qe7 69.g4 hxg4+ 70.Kxg4 e5 71.Qe4 Qe6+
72.Kg5 Qf6+ 73.Kg4 Qd6 74.f4 Qd1+ 75.Kh4 Qh5+ 76.Kg3 exf4+ 77.Qxf4+ Kg7 78.Qd4+ Kh7
79.Qh4 Kh6 80.Qxh5+ Kxh5 81.Kh3  1/2-1/2

[Event "Dov Porath mem"]
[Site "Givatayim"]
[Date "1997.??.??"]
[Round "2"]
[White "Zalkind, Karmi"]
[Black "Gershon, Alik"]
[Result "1-0"]
[WhiteElo "2370"]
[BlackElo "2420"]

1.Nf3 d5 2.g3 c5 3.Bg2 Nf6 4.O-O e6 5.d3 Nc6 6.Nbd2 Qc7 7.e4 Bd7 8.Re1 O-O-O
9.c3 dxe4 10.dxe4 Ng4 11.Qe2 h5 12.Nc4 f6 13.e5 b5 14.Nd6+ Bxd6 15.exd6 Qb6
16.a4 bxa4 17.Rxa4 Na5 18.Ra3 Kb8 19.b4 Nb7 20.h3 Bb5 21.Qa2 Nh6 22.bxc5 Nxc5
23.Nd4 Rxd6 24.Nxb5 Qxb5 25.Ra5 Qb3 26.Rxa7 Qxa2 27.Rxa2 Nd3 28.Bf4 e5 29.Rb1+  1-0

[Event "SWE-ch op"]
[Site "Gotland"]
[Date "1997.??.??"]
[Round "6"]
[White "Sandstrom, Ludvig"]
[Black "Brynell, Stellan"]
[Result "0-1"]
[WhiteElo "2345"]
[BlackElo "2445"]

1.Nf3 d5 2.g3 Nc6 3.d4 Bf5 4.Bg2 Nb4 5.Na3 e6 6.O-O Nf6 7.c3 Nc6 8.Nc2 Be4
9.Nce1 Bd6 10.Nd3 O-O 11.Bg5 h6 12.Bf4 Bxf4 13.Nxf4 Qd6 14.Nd3 Nd7 15.Qd2 Rfe8
16.Rad1 b6 17.Qf4 Qxf4 18.Nxf4 Na5 19.Nd2 Bxg2 20.Kxg2 Red8 21.e4 c6 22.b4 Nc4
23.Nxc4 dxc4 24.a4 a5 25.Rb1 b5 26.axb5 cxb5 27.bxa5 Rxa5 28.Rb2 Kf8 29.Rfb1 Rb8
30.Ne2 Ke7 31.Kf3 Kd6 32.Ke3 Kc6 33.f4 g6 34.g4 Rb7 35.h4 Rb8 36.d5+ exd5
37.Nd4+ Kc5 38.e5 Rb6 39.Kf3 Nb8 40.f5 gxf5 41.Nxf5 Ra3 42.Kf4 Rxc3 43.Nd6 b4
44.Nxf7 b3 45.Re1 Rc2 46.Rxc2 bxc2 47.Rc1 Rb1  0-1

[Event "SWE-ch op"]
[Site "Gotland"]
[Date "1997.??.??"]
[Round "9"]
[White "Nilsson, Ove"]
[Black "Brynell, Stellan"]
[Result "0-1"]
[WhiteElo "2215"]
[BlackElo "2445"]

1.Nf3 d5 2.g3 Nc6 3.Bg2 e5 4.d3 Nf6 5.O-O Be7 6.Bg5 O-O 7.Nc3 Be6 8.e4 d4
9.Ne2 h6 10.Bd2 Qd6 11.b4 Nxb4 12.Nexd4 exd4 13.e5 Qc5 14.exf6 Bxf6 15.Bxb4 Qxb4
16.Nd2 c6 17.Ne4 Bd8 18.Rb1 Qe7 19.Re1 Ba5 20.Nd2 Qd7 21.Re5 Bxd2 22.Qxd2 Bxa2
23.Rb2 Be6 24.Qb4 b6 25.Qa4 Rac8 26.f4 Rfe8 27.Rb1 c5 28.Qa6 c4 29.Be4 f6
30.Reb5 cxd3 31.cxd3 Rc2 32.f5 Bf7 33.R5b4 Rec8 34.Qa1 R8c3 35.Qa4 Qc7 36.Rxd4 Ra2
37.Qb4 Rc1+  0-1

[Event "Graz op"]
[Site "Graz"]
[Date "1997.??.??"]
[Round "1"]
[White "Zoler, Dan"]
[Black "Frosch, Erich"]
[Result "1-0"]
[WhiteElo "2465"]
[BlackElo "2310"]

1.Nf3 d5 2.g3 g6 3.Bg2 Bg7 4.c4 c6 5.cxd5 cxd5 6.d4 Nf6 7.O-O Nc6 8.Ne5 Qb6
9.Nxc6 bxc6 10.Nc3 Nd7 11.e3 O-O 12.Na4 Qc7 13.b3 Ba6 14.Re1 e5 15.Ba3 Rfe8
16.Qd2 Bb5 17.Nc5 a5 18.Rac1 a4 19.bxa4 Bxa4 20.Nxa4 Rxa4 21.Bb4 Qb6 22.a3 exd4
23.exd4 Raa8 24.Red1 Re6 25.Bf3 Nf6 26.Bc5 Qa6 27.Kg2 Nd7 28.Bb4 Nb6 29.Re1 Nc4
30.Qf4 Qa7 31.Rxe6 fxe6 32.Bc5 Qf7 33.Qxf7+ Kxf7 34.Rb1 Kf6 35.Be2 Ra4 36.Rb7 Na5
37.Rc7 Bh6 38.Bb4 Bc1 39.Bd1 Rxb4 40.axb4 Nc4 41.Rxc6 Bb2 42.Bb3  1-0

[Event "Groningen op"]
[Site "Groningen"]
[Date "1997.??.??"]
[Round "6"]
[White "Giffard, Nicolas"]
[Black "Pyda, Zbigniew"]
[Result "0-1"]
[WhiteElo "2390"]
[BlackElo "2295"]

1.Nf3 d5 2.g3 c5 3.Bg2 Nc6 4.O-O e5 5.c4 d4 6.e3 Bd6 7.exd4 exd4 8.Re1+ Kf8
9.d3 h6 10.Nbd2 Nf6 11.b4 Nxb4 12.Nb3 Bf5 13.Ne5 Qc7 14.a3 Nc2 15.Qxc2 Bxe5
16.Na5 g5 17.Nxb7 Kg7 18.Bd2 Rae8 19.Rab1 Bd6 20.Ba5 Qd7 21.Rxe8 Rxe8 22.Nxd6 Qxd6
23.h3 Nd7 24.Rb7 Ne5 25.Bc7 Qf6 26.Bxe5 Qxe5 27.g4 Bg6 28.Rxa7 Qe1+ 29.Bf1 Qa1
30.Kg2 Re1 31.Be2 Rg1+ 32.Kf3 Rh1  0-1

[Event "Groningen op"]
[Site "Groningen"]
[Date "1997.??.??"]
[Round "8"]
[White "Urban, Klaudiusz"]
[Black "Pyda, Zbigniew"]
[Result "1-0"]
[WhiteElo "2490"]
[BlackElo "2295"]

1.g3 d5 2.Nf3 c5 3.Bg2 Nc6 4.d4 e6 5.O-O Nf6 6.c4 cxd4 7.Nxd4 Be7 8.cxd5 exd5
9.Nc3 O-O 10.b3 Bg4 11.h3 Be6 12.Bb2 Rc8 13.Rc1 Nxd4 14.Qxd4 Bc5 15.Qd3 Qe7
16.e3 Ba3 17.Qe2 Bf5 18.Rfd1 Bxb2 19.Qxb2 Be4 20.Nxe4 dxe4 21.Rd4 Rxc1+ 22.Qxc1 Rd8
23.Rxd8+ Qxd8 24.Qc5 Qa8 25.Qe7 b5 26.Bf1 a6 27.a4 bxa4 28.bxa4 a5 29.Bc4 Qe8
30.Qc7 h5 31.Qxa5 Qd7 32.Bf1 h4 33.g4 g6 34.Qe5 Nh7 35.Qxe4 Qd1 36.Qd4 Qe1
37.Qd8+ Kg7 38.a5 f6 39.a6 Ng5 40.Qe7+ Kh6 41.Qf8+ Kh7 42.Qxf6 Nxh3+ 43.Kg2 Ng5
44.Qxg5 h3+ 45.Kg1 h2+ 46.Kxh2 Qxf1 47.Qh4+ Kg7 48.a7  1-0

[Event "Perenyi  Memorial"]
[Site "Gyula"]
[Date "1997.??.??"]
[Round "3"]
[White "Ruck, Robert"]
[Black "Almasi, Istvan"]
[Result "1/2-1/2"]
[WhiteElo "2450"]
[BlackElo "2415"]

1.Nf3 d5 2.g3 c6 3.Bg2 Bf5 4.b3 Nd7 5.Bb2 e6 6.O-O h6 7.c4 Ngf6 8.d3 Be7
9.Nbd2 O-O 10.Qc2 Bh7 11.Bc3 a5 12.Qb2 b5 13.cxb5 cxb5 14.Rfc1 Qb6 15.Bd4 Qb7
16.Rc2 Rfc8 17.Rac1 Ne8 18.e4 dxe4 19.dxe4 Rxc2 20.Qxc2 Nd6 21.Qb2 Ne8 22.e5 Qa6
23.Bf1 Qb7 24.Qc3 Ba3 25.Qc6 Rb8 26.Qxb7 Rxb7 27.Rc8 Kf8 28.Ra8 Bb4 29.a3 Bxa3
30.Rxa5 b4 31.Nc4 Bc2 32.Nfd2 Bc1 33.Ra8 Ke7 34.Rc8 Rc7 35.Ra8 Nc5 36.Rb8 Bxd2
37.Nxd2 Nxb3 38.Nxb3 Bxb3 39.Rxb4 Bd5 40.Rb1 h5 41.Be2 g6 42.h3 Kf8 43.g4 hxg4
44.hxg4 Rc2 45.Bd1 Rc4 46.Be3 Re4 47.Rb8 Ke7 48.Bg5+ f6 49.exf6+ Nxf6 50.Kf1 Bc4+
51.Kg2 Bd5 52.Kg3 Kf7 53.Bf3 Rc4 54.Bxd5 Nxd5 55.Kh4 Rc2 56.Bh6 e5 57.Kg5 Nf4
58.Rb7+ Ke6 59.Rb6+ Kf7  1/2-1/2

[Event "Perenyi  Memorial"]
[Site "Gyula"]
[Date "1997.??.??"]
[Round "10"]
[White "Vadasz, Laszlo"]
[Black "Gonzales, G."]
[Result "1/2-1/2"]
[WhiteElo "2365"]
[BlackElo "2475"]

1.Nf3 d5 2.g3 Nc6 3.d4 Bf5 4.Bg2 Nb4 5.Na3 e6 6.c3 Nc6 7.Nb1 Nf6 8.O-O Be7
9.Nbd2 h6 10.Ne5 Nxe5 11.dxe5 Nd7 12.f4 c6 13.e4 dxe4 14.Nxe4 Nc5 15.Qe2 Qd3
16.Qxd3 Nxd3 17.b3 Nxc1 18.Raxc1 O-O-O 19.Rcd1 Kc7 20.Bf3 b5 21.Kf2 g5 22.Ke2 a5
23.Rxd8 Rxd8 24.Rd1 Rxd1 25.Kxd1 gxf4 26.gxf4 Ba3 27.Kd2 Bg6 28.c4 bxc4 29.bxc4 Kb6
30.h4 Bb4+ 31.Ke2 a4 32.h5 Bf5 33.Ke3 Ba3 34.Kd2 Bb4+ 35.Ke3 Ba3 36.Kd2 Bb4+  1/2-1/2

[Event "Haarlem op"]
[Site "Haarlem"]
[Date "1997.??.??"]
[Round "1"]
[White "Verstegen, Christian"]
[Black "Ye Rongguang"]
[Result "0-1"]
[WhiteElo "1910"]
[BlackElo "2525"]

1.Nf3 d5 2.g3 c6 3.Bg2 Bg4 4.d3 Nd7 5.Nbd2 e5 6.h3 Bxf3 7.Bxf3 Bc5 8.O-O Ne7
9.e4 f5 10.Qe2 O-O 11.g4 fxe4 12.dxe4 d4 13.b4 Bb6 14.Nc4 Bc7 15.Nb2 Ng6
16.Nd3 a5 17.Rb1 axb4 18.Rxb4 b6 19.a3 Bd6 20.Rb3 Qe7 21.Nb4 Nc5 22.Rb1 Qd7
23.Bg2 Ne6 24.Qc4 Bxb4 25.axb4 b5 26.Qb3 Kh8 27.Bd2 Ngf4 28.Ra1 Qe7 29.Rxa8 Rxa8
30.Kh2 h6 31.c4 Qf7 32.cxb5 Nxg2 33.bxc6 Nh4 34.f4 exf4 35.b5 Qe8 36.Be1 Ng6
37.Qd5 Nc7 38.Qc5 Qxe4 39.b6 Qe2+ 40.Rf2 Qxe1 41.Qxd4 Ra1  0-1